Los que aman, odian /

Un crimen se ha producido en el viejo hotel Ostende, otra persona está desaparecida. Las y los huéspedes se ven confinados por una tormenta. El encierro trae a la luz historias de viejos amores, odios y venganzas. El doctor Humberto Huberman actuará como detective e intentará encontrar al culpable....

Descripción completa

Guardado en:
Autor Principal: Ocampo, Silvina.
Otros Autores: Bioy Casares, Adolfo.
Formato: Libro
Idioma:Undetermined
Publicado: Buenos Aires : Emecé, 2023.
Edición:1a ed.
Series:Identidades bonaerenses
Materias:
Etiquetas: Agregar Etiqueta
Sin Etiquetas, Sea el primero en etiquetar este registro!
LEADER 01887nam a22002895a 4500
001 CEM.cems024862
008 250818s2023####ag############000#0#und#d
005 20250820100029.0
245 1 0 |a Los que aman, odian /  |c Silvina Ocampo y Adolfo Bioy Casares. 
250 |a 1a ed. 
260 |a Buenos Aires :  |b Emecé,  |c 2023. 
300 |a 151 p. 
490 1 |a Identidades bonaerenses 
500 |a Edición especial de la Dirección de Cultura y Educación de la Provincia de Buenos Aires. 
500 |a Sugerencia de edad: a partir de ciclo orientado. Requiere acompañamiento docente. 
520 |a Un crimen se ha producido en el viejo hotel Ostende, otra persona está desaparecida. Las y los huéspedes se ven confinados por una tormenta. El encierro trae a la luz historias de viejos amores, odios y venganzas. El doctor Humberto Huberman actuará como detective e intentará encontrar al culpable. Precursora de la novela policial en la Argentina y único trabajo en colaboración de los autores, esta joya literaria representa una original variante sobre el problema del cadáver hallado en una pieza cerrada, que se nutre de la geografía de la costa bonaerense para brindar un escenario a la altura de las pasiones desatadas. En 2017, el director Alejandro Maci adaptó el libro en una película interpretada por Guillermo Francella y Luisana Lopilato. 
020 |a 9789500442329 
100 1 |a Ocampo, Silvina. 
700 1 |a Bioy Casares, Adolfo. 
653 |a Literatura argentina 
653 |a Novela policial 
653 |a Novela argentina 
653 |a Identidades bonaerenses 
859 |a CEMS  |b BIB. CEMS - Agricultura  |h A863.4  |i Oc12  |p A3922.25  |t Ej.1 
859 |a CEMS  |b BIB. CEMS - Ccias. Educacion  |h A863.4  |i Oc12  |k CE  |p 30291.253  |t Ej.1 
859 |a CEMS  |b BIB. CEMS - 11 de abril  |h A863.4  |i Oc12  |p 30289.25  |t Ej.1 
859 |a CEMS  |b BIB. CEMS - 11 de abril  |h A863.4  |i Oc12  |p 30290.25  |t Ej.2